Score 0/40 Timer 05:00
4 Plays Today
Question Answer Wrong Answers
_____ Bull
Popular energy drink
Red
93.4%
Blue
0.4%
Green
0.1%
Yellow
0.1%
Once in a _____ Moon
A very rare occurence
Blue
92.6%
Red
0.9%
Green
0.2%
Yellow
0.4%
_____ Submarine
Beatles song and movie
Yellow
92.1%
Red
0.4%
Blue
1.2%
Green
0.4%
_____ Thumb
Have a talent for gardening
Green
92%
Red
0.8%
Blue
0.8%
Yellow
0.4%
_____stone National Park
First National Park in the United States
Yellow
92%
Red
0.9%
Blue
0.5%
Green
0.6%
Goodbye _____ Brick Road
Elton John Song
Yellow
91.3%
Red
1.9%
Blue
0.5%
Green
0.3%
Big _____ Taxi
Joni Mitchell Song
Yellow
91.2%
Red
1.1%
Blue
1.2%
Green
0.5%
_____ Collar
A working-class person
Blue
90.7%
Red
1.8%
Green
0.7%
Yellow
0.8%
_____ Carpet Treatment
Special treatment, as though at a gala event
Red
90.6%
Blue
1.7%
Green
0.9%
Yellow
0.7%
_____ Suede Shoes
Elvis Presley (or Carl Perkins) classic
Blue
90.2%
Red
2.2%
Green
0.7%
Yellow
0.8%
_____ Eggs and Ham
Dr. Seuss book
Green
90.1%
Red
0.6%
Blue
1.1%
Yellow
2.2%
_____ Fever
Viral, mosquito-borne disease
Yellow
89.7%
Red
2.8%
Blue
1%
Green
0.6%
The ____ Mile
Stephen King novel (or its Tom Hanks movie adaptation)
Green
88.6%
Red
2.3%
Blue
2%
Yellow
1%
The Hunt for _____ October
Tom Clancy novel
Red
87.7%
Blue
3.5%
Green
1.4%
Yellow
1.4%
Catch a _____-eye
Take a late flight
Red
87.4%
Blue
3.5%
Green
1.9%
Yellow
1.1%
Anne of _____ Gables
Lucy Maud Montgomery Novel
Green
87.2%
Red
2.1%
Blue
3%
Yellow
1.5%
_____ Day
'American Idiot' band
Green
87.1%
Red
2.6%
Blue
3.1%
Yellow
1%
_____ Lantern
DC Comics Superhero (Hal Jordan)
Green
87%
Red
2.9%
Blue
2.3%
Yellow
1.8%
Paint the Town _____
Go off and enjoy yourself
Red
85.7%
Blue
3.7%
Green
2.4%
Yellow
2.1%
Fried _____ Tomatoes
Movie based on a Fannie Flagg novel
Green
84.9%
Red
7.8%
Blue
0.5%
Yellow
0.8%
Little _____ Corvette
Prince song
Red
83.2%
Blue
6.7%
Green
1.5%
Yellow
2.5%
Detroit _____ Wings
'Original Six' hockey team
Red
81.8%
Blue
7.4%
Green
2.6%
Yellow
2%
_____-bellied
Cowardly; craven
Yellow
81.6%
Red
5.1%
Blue
4.9%
Green
2.2%
_____ Öyster Cult
'Don't Fear the Reaper' band
Blue
80.9%
Red
6.1%
Green
3.3%
Yellow
3.2%
_____ Angels
US Navy flight demonstration team
Blue
80.8%
Red
9.2%
Green
2.3%
Yellow
1.4%
Kind of _____
Miles Davis album
Blue
80.7%
Red
3.5%
Green
4.7%
Yellow
4.4%
Into the Wild _____ Yonder
Going somewhere far away
Blue
80.1%
Red
1.7%
Green
8.1%
Yellow
3.8%
_____ Tape
Bureaucracy
Red
79.5%
Blue
8%
Green
1.3%
Yellow
5.2%
_____ Dead Redemption
Open-world western video game
Red
76.9%
Blue
6.7%
Green
5.1%
Yellow
4.6%
_____ Ribbon
Of superior quality; the best
Blue
76.9%
Red
10.2%
Green
0.6%
Yellow
6.3%
_____horn
An inexperienced person; rookie
Green
74.3%
Red
4.1%
Blue
8.2%
Yellow
7%
_____ Plate Special
Special meal at a reduced price
Blue
68.7%
Red
14%
Green
6.7%
Yellow
4.1%
_____ Around the Gills
Looking ill
Green
68.6%
Red
3.2%
Blue
16.2%
Yellow
5.7%
The Man in the _____ Hat
Caretaker of Curious George
Yellow
68.1%
Red
11.8%
Blue
6.9%
Green
6.8%
_____ Jacket
Prize for winning the Masters
Green
65.3%
Red
4.8%
Blue
6.1%
Yellow
17.6%
The _____ Rose of Texas
Folk Song
Yellow
61.6%
Red
28.5%
Blue
3.2%
Green
0.7%
Where the _____ Fern Grows
Wilson Rawls novel
Red
57.4%
Blue
3.3%
Green
29.4%
Yellow
3.8%
_____ Journalism
Sensationalist headlines designed to sell papers
Yellow
51.1%
Red
27.5%
Blue
9.4%
Green
5.5%
The _____ Wallpaper
Charlotte Perkins Gilman short story
Yellow
41.3%
Red
11.2%
Blue
22.3%
Green
18.4%
Devil with a _____ Dress On
1964 Mitch Ryder hit
Blue
41.2%
Red
51.1%
Green
0.9%
Yellow
1%

You're not logged in!

Compare scores with friends on all Sporcle quizzes.
OR
Log In

Sporcle TV

Today on Sporcle TV


Watch our educational content, quiz creation guides, and fun videos on Sporcle TV.

Show Comments

Extras

Top Quizzes Today


Score Distribution

Paid Content

Your Account Isn't Verified!

In order to create a playlist on Sporcle, you need to verify the email address you used during registration. Go to your Sporcle Settings to finish the process.

Report this User

Report this user for behavior that violates our Community Guidelines.

Details: